<?xml version="1.0" encoding="UTF-8"?>
<record
    xmlns:xsi="http://www.w3.org/2001/XMLSchema-instance"
    xsi:schemaLocation="http://www.loc.gov/MARC21/slim http://www.loc.gov/standards/marcxml/schema/MARC21slim.xsd"
    xmlns="http://www.loc.gov/MARC21/slim">

  <leader>00403nam a22001697a 4500</leader>
  <controlfield tag="003">SGT</controlfield>
  <datafield tag="020" ind1=" " ind2=" ">
    <subfield code="a">9789366161334</subfield>
  </datafield>
  <datafield tag="082" ind1=" " ind2=" ">
    <subfield code="a">616.07</subfield>
    <subfield code="b">E25M</subfield>
  </datafield>
  <datafield tag="100" ind1=" " ind2=" ">
    <subfield code="a">Mohan, Harsh</subfield>
  </datafield>
  <datafield tag="245" ind1=" " ind2=" ">
    <subfield code="a">Essential Pathology for Dental Students</subfield>
  </datafield>
  <datafield tag="250" ind1=" " ind2=" ">
    <subfield code="a">6th Ed. </subfield>
  </datafield>
  <datafield tag="260" ind1=" " ind2=" ">
    <subfield code="a">New Delhi, India</subfield>
    <subfield code="b">Jaypee Publishers</subfield>
    <subfield code="c">2025</subfield>
  </datafield>
  <datafield tag="300" ind1=" " ind2=" ">
    <subfield code="a">532</subfield>
  </datafield>
  <datafield tag="650" ind1=" " ind2=" ">
    <subfield code="a">Pathology </subfield>
  </datafield>
  <datafield tag="700" ind1=" " ind2=" ">
    <subfield code="a">Mojgant, Sugandha</subfield>
  </datafield>
  <datafield tag="942" ind1=" " ind2=" ">
    <subfield code="2">ddc</subfield>
    <subfield code="c">BK</subfield>
  </datafield>
  <datafield tag="952" ind1=" " ind2=" ">
    <subfield code="0">0</subfield>
    <subfield code="1">0</subfield>
    <subfield code="2">ddc</subfield>
    <subfield code="4">0</subfield>
    <subfield code="5">1</subfield>
    <subfield code="7">1</subfield>
    <subfield code="a">FD</subfield>
    <subfield code="b">FD</subfield>
    <subfield code="c">NEW</subfield>
    <subfield code="d">2025-10-24</subfield>
    <subfield code="e">Ahuja Book Co. Pvt. Ltd. </subfield>
    <subfield code="g">1550.00</subfield>
    <subfield code="i">SGTU</subfield>
    <subfield code="o">616.07 E25M</subfield>
    <subfield code="p">FD10028</subfield>
    <subfield code="r">2025-10-24 00:00:00</subfield>
    <subfield code="w">0000-00-00</subfield>
    <subfield code="y">BK</subfield>
    <subfield code="k">21713</subfield>
  </datafield>
  <datafield tag="952" ind1=" " ind2=" ">
    <subfield code="0">0</subfield>
    <subfield code="1">0</subfield>
    <subfield code="2">ddc</subfield>
    <subfield code="4">0</subfield>
    <subfield code="7">0</subfield>
    <subfield code="a">FD</subfield>
    <subfield code="b">FD</subfield>
    <subfield code="c">TXT</subfield>
    <subfield code="d">2025-10-24</subfield>
    <subfield code="e">Ahuja Book Co. Pvt. Ltd. </subfield>
    <subfield code="g">1550.00</subfield>
    <subfield code="i">SGTU</subfield>
    <subfield code="l">12</subfield>
    <subfield code="o">616.07 E25M</subfield>
    <subfield code="p">FD10029</subfield>
    <subfield code="q">2026-06-10</subfield>
    <subfield code="r">2026-05-27 10:01:57</subfield>
    <subfield code="s">2026-05-27</subfield>
    <subfield code="w">0000-00-00</subfield>
    <subfield code="y">BK</subfield>
    <subfield code="k">21713</subfield>
  </datafield>
  <datafield tag="952" ind1=" " ind2=" ">
    <subfield code="0">0</subfield>
    <subfield code="1">0</subfield>
    <subfield code="2">ddc</subfield>
    <subfield code="4">0</subfield>
    <subfield code="7">0</subfield>
    <subfield code="a">FD</subfield>
    <subfield code="b">FD</subfield>
    <subfield code="c">TXT</subfield>
    <subfield code="d">2025-10-24</subfield>
    <subfield code="e">Ahuja Book Co. Pvt. Ltd. </subfield>
    <subfield code="g">1550.00</subfield>
    <subfield code="i">SGTU</subfield>
    <subfield code="l">10</subfield>
    <subfield code="o">616.07 E25M</subfield>
    <subfield code="p">FD10030</subfield>
    <subfield code="q">2026-06-10</subfield>
    <subfield code="r">2026-05-27 12:34:59</subfield>
    <subfield code="s">2026-05-27</subfield>
    <subfield code="w">0000-00-00</subfield>
    <subfield code="y">BK</subfield>
    <subfield code="k">21713</subfield>
  </datafield>
  <datafield tag="952" ind1=" " ind2=" ">
    <subfield code="0">0</subfield>
    <subfield code="1">0</subfield>
    <subfield code="2">ddc</subfield>
    <subfield code="4">0</subfield>
    <subfield code="7">0</subfield>
    <subfield code="a">FD</subfield>
    <subfield code="b">FD</subfield>
    <subfield code="c">TXT</subfield>
    <subfield code="d">2025-10-24</subfield>
    <subfield code="e">Ahuja Book Co. Pvt. Ltd. </subfield>
    <subfield code="g">1550.00</subfield>
    <subfield code="i">SGTU</subfield>
    <subfield code="l">13</subfield>
    <subfield code="m">1</subfield>
    <subfield code="o">616.07 E25M</subfield>
    <subfield code="p">FD10031</subfield>
    <subfield code="q">2026-06-09</subfield>
    <subfield code="r">2026-05-26 16:16:40</subfield>
    <subfield code="s">2026-05-26</subfield>
    <subfield code="w">0000-00-00</subfield>
    <subfield code="y">BK</subfield>
    <subfield code="k">21713</subfield>
  </datafield>
  <datafield tag="952" ind1=" " ind2=" ">
    <subfield code="0">0</subfield>
    <subfield code="1">0</subfield>
    <subfield code="2">ddc</subfield>
    <subfield code="4">0</subfield>
    <subfield code="7">0</subfield>
    <subfield code="a">FD</subfield>
    <subfield code="b">FD</subfield>
    <subfield code="c">TXT</subfield>
    <subfield code="d">2025-10-24</subfield>
    <subfield code="e">Ahuja Book Co. Pvt. Ltd. </subfield>
    <subfield code="g">1550.00</subfield>
    <subfield code="i">SGTU</subfield>
    <subfield code="l">14</subfield>
    <subfield code="o">616.07 E25M</subfield>
    <subfield code="p">FD10032</subfield>
    <subfield code="q">2026-06-05</subfield>
    <subfield code="r">2026-05-22 09:55:58</subfield>
    <subfield code="s">2026-05-22</subfield>
    <subfield code="w">0000-00-00</subfield>
    <subfield code="y">BK</subfield>
    <subfield code="k">21713</subfield>
  </datafield>
  <datafield tag="952" ind1=" " ind2=" ">
    <subfield code="0">0</subfield>
    <subfield code="1">0</subfield>
    <subfield code="2">ddc</subfield>
    <subfield code="4">0</subfield>
    <subfield code="7">0</subfield>
    <subfield code="a">FD</subfield>
    <subfield code="b">FD</subfield>
    <subfield code="c">TXT</subfield>
    <subfield code="d">2025-10-24</subfield>
    <subfield code="e">Ahuja Book Co. Pvt. Ltd. </subfield>
    <subfield code="g">1550.00</subfield>
    <subfield code="i">SGTU</subfield>
    <subfield code="l">14</subfield>
    <subfield code="o">616.07 E25M</subfield>
    <subfield code="p">FD10033</subfield>
    <subfield code="q">2026-06-13</subfield>
    <subfield code="r">2026-05-30 11:50:44</subfield>
    <subfield code="s">2026-05-30</subfield>
    <subfield code="w">0000-00-00</subfield>
    <subfield code="y">BK</subfield>
    <subfield code="k">21713</subfield>
  </datafield>
  <datafield tag="952" ind1=" " ind2=" ">
    <subfield code="0">0</subfield>
    <subfield code="1">0</subfield>
    <subfield code="2">ddc</subfield>
    <subfield code="4">0</subfield>
    <subfield code="7">0</subfield>
    <subfield code="a">FD</subfield>
    <subfield code="b">FD</subfield>
    <subfield code="c">TXT</subfield>
    <subfield code="d">2025-10-24</subfield>
    <subfield code="e">Ahuja Book Co. Pvt. Ltd. </subfield>
    <subfield code="g">1550.00</subfield>
    <subfield code="i">SGTU</subfield>
    <subfield code="l">15</subfield>
    <subfield code="m">1</subfield>
    <subfield code="o">616.07 E25M</subfield>
    <subfield code="p">FD10034</subfield>
    <subfield code="q">2026-06-16</subfield>
    <subfield code="r">2026-06-02 12:42:43</subfield>
    <subfield code="s">2026-06-02</subfield>
    <subfield code="w">0000-00-00</subfield>
    <subfield code="y">BK</subfield>
    <subfield code="k">21713</subfield>
  </datafield>
  <datafield tag="952" ind1=" " ind2=" ">
    <subfield code="0">0</subfield>
    <subfield code="1">0</subfield>
    <subfield code="2">ddc</subfield>
    <subfield code="4">0</subfield>
    <subfield code="7">0</subfield>
    <subfield code="a">FD</subfield>
    <subfield code="b">FD</subfield>
    <subfield code="c">TXT</subfield>
    <subfield code="d">2025-10-24</subfield>
    <subfield code="e">Ahuja Book Co. Pvt. Ltd. </subfield>
    <subfield code="g">1550.00</subfield>
    <subfield code="i">SGTU</subfield>
    <subfield code="l">10</subfield>
    <subfield code="o">616.07 E25M</subfield>
    <subfield code="p">FD10035</subfield>
    <subfield code="q">2026-06-12</subfield>
    <subfield code="r">2026-05-29 14:44:06</subfield>
    <subfield code="s">2026-05-29</subfield>
    <subfield code="w">0000-00-00</subfield>
    <subfield code="y">BK</subfield>
    <subfield code="k">21713</subfield>
  </datafield>
  <datafield tag="952" ind1=" " ind2=" ">
    <subfield code="0">0</subfield>
    <subfield code="1">0</subfield>
    <subfield code="2">ddc</subfield>
    <subfield code="4">0</subfield>
    <subfield code="7">0</subfield>
    <subfield code="a">FD</subfield>
    <subfield code="b">FD</subfield>
    <subfield code="c">TXT</subfield>
    <subfield code="d">2025-10-24</subfield>
    <subfield code="e">Ahuja Book Co. Pvt. Ltd. </subfield>
    <subfield code="g">1550.00</subfield>
    <subfield code="i">SGTU</subfield>
    <subfield code="l">15</subfield>
    <subfield code="o">616.07 E25M</subfield>
    <subfield code="p">FD10036</subfield>
    <subfield code="q">2026-06-10</subfield>
    <subfield code="r">2026-05-27 14:54:41</subfield>
    <subfield code="s">2026-05-27</subfield>
    <subfield code="w">0000-00-00</subfield>
    <subfield code="y">BK</subfield>
    <subfield code="k">21713</subfield>
  </datafield>
  <datafield tag="952" ind1=" " ind2=" ">
    <subfield code="0">0</subfield>
    <subfield code="1">0</subfield>
    <subfield code="2">ddc</subfield>
    <subfield code="4">0</subfield>
    <subfield code="7">0</subfield>
    <subfield code="a">FD</subfield>
    <subfield code="b">FD</subfield>
    <subfield code="c">TXT</subfield>
    <subfield code="d">2025-10-24</subfield>
    <subfield code="e">Ahuja Book Co. Pvt. Ltd. </subfield>
    <subfield code="g">1550.00</subfield>
    <subfield code="i">SGTU</subfield>
    <subfield code="l">12</subfield>
    <subfield code="o">616.07 E25M</subfield>
    <subfield code="p">FD10037</subfield>
    <subfield code="r">2026-06-01 08:38:50</subfield>
    <subfield code="s">2026-05-13</subfield>
    <subfield code="w">0000-00-00</subfield>
    <subfield code="y">BK</subfield>
    <subfield code="k">21713</subfield>
  </datafield>
  <datafield tag="999" ind1=" " ind2=" ">
    <subfield code="c">32871</subfield>
    <subfield code="d">32871</subfield>
  </datafield>
</record>
